| 000 | 00602nam a2200217 a 4500 | ||
|---|---|---|---|
| 001 | 56592 | ||
| 003 | BD-RjUL | ||
| 005 | 20211209080420.0 | ||
| 008 | 161201s1952 enk 000 0 eng d | ||
| 035 | _a(BD-RjUL)56716 | ||
| 040 |
_aCPD _cCPD _dUKM _dEQO _dBD-RjUL _beng |
||
| 041 | _aeng | ||
| 082 |
_a131 _223 _bDES 1952 |
||
| 100 | 1 |
_aDearden, Harold, _d1882-1962 _9168331 |
|
| 245 | 1 | 4 |
_aThe science of happiness / _cHarold Dearden |
| 250 | _aRev. ed | ||
| 260 |
_aLondon ; _aNew York : _bStaples Press, _c1952 |
||
| 300 |
_a260 p. : _bill. ; _c21 cm |
||
| 650 | 0 |
_aHappiness. _9127752 |
|
| 942 |
_2ddc _cBK |
||
| 999 |
_c56592 _d56592 |
||